Vista normal Vista MARC

Entrada Corporate Name

Número de registros utilizados en: 1

001 - CONTROL NUMBER

  • control field: 3036

003 - CONTROL NUMBER IDENTIFIER

  • control field: OSt

005 - DATE AND TIME OF LATEST TRANSACTION

  • control field: 20200415123125.0

008 - FIXED-LENGTH DATA ELEMENTS

  • fixed length control field: 200415|| aca||aabn | a|a d

040 ## - CATALOGING SOURCE

  • Original cataloging agency: OSt
  • Transcribing agency: OSt

110 ## - HEADING--CORPORATE NAME

  • Corporate name or jurisdiction name as entry element: Programa presidencial Colombia joven

670 ## - SOURCE DATA FOUND

  • Source citation: Work cat.: (OSt)5200: Programa presidencial Colombia joven, Manual de control social juvenil /, 2003